|
|
|
|
| LEADER |
00000nas a2200000 a 4500 |
| 001 |
ssj0001317 |
| 003 |
WaSeSS |
| 005 |
20200512172242.0 |
| 006 |
m d |
| 007 |
cr n |
| 008 |
010821c19899999pauqr p s 0 a0eng c |
| 010 |
|
|
|a 2007215286
|
| 022 |
|
|
|a 1940-4387
|l 1045-988X
|y 1045-988X
|
| 035 |
|
|
|a (WaSeSS)ssj0001317
|
| 037 |
|
|
|b Heldref Publications, 1319 Eighteenth St., N.W., Washington, DC 20036-1806
|
| 040 |
|
|
|a HNK
|b eng
|e pn
|c HNK
|d OCLCQ
|d NSD
|d OCLCQ
|d LGG
|d OCLCQ
|d TXA
|d OCLCQ
|d OCLCF
|d OCLCO
|d DLC
|d OCLCQ
|d ELW
|d OCLCO
|d DLC
|d VT2
|d WaSeSS
|
| 042 |
|
|
|a pcc
|a nsdp
|
| 043 |
|
|
|a n-us---
|
| 050 |
0 |
0 |
|a HV888
|
| 082 |
1 |
0 |
|a 371
|2 14
|
| 130 |
0 |
|
|a Preventing school failure (Online)
|
| 222 |
|
0 |
|a Preventing school failure
|b (Online)
|
| 245 |
1 |
0 |
|a Preventing school failure
|h [electronic resource].
|
| 260 |
|
|
|a Washington, D.C. :
|b Heldref Publications
|
| 260 |
3 |
|
|3 2010- :
|a [Philadelphia, PA] :
|b Taylor & Francis
|
| 310 |
|
|
|a Quarterly
|
| 362 |
1 |
|
|a Print began with vol. 34, no. 1 (fall 1989).
|
| 500 |
|
|
|a "Alternative education for children and youth."
|
| 506 |
|
|
|a License restrictions may limit access.
|
| 538 |
|
|
|a Mode of access: World Wide Web.
|
| 588 |
|
|
|a Description based on: Vol. 41, issue 2 (winter 1997); title from title information screen (viewed May 9, 2001).
|
| 588 |
|
|
|a Latest issue consulted: Vol. 63, no. 2 (2019) (Taylor & Francis website, viewed May 3, 2019).
|
| 650 |
|
0 |
|a Problem children
|x Education
|z United States
|v Periodicals.
|
| 650 |
|
0 |
|a Children with disabilities
|x Education
|z United States
|v Periodicals.
|
| 650 |
|
0 |
|a School failure
|z United States
|v Periodicals.
|
| 650 |
|
7 |
|a Children with disabilities
|x Education.
|2 fast
|0 (OCoLC)fst00855556
|
| 650 |
|
7 |
|a Problem children
|x Education.
|2 fast
|0 (OCoLC)fst01077841
|
| 650 |
|
7 |
|a School failure.
|2 fast
|0 (OCoLC)fst01107413
|
| 651 |
|
7 |
|a United States.
|2 fast
|0 (OCoLC)fst01204155
|
| 655 |
|
0 |
|a Electronic journals.
|
| 776 |
0 |
8 |
|i Print version:
|t Preventing school failure
|x 1045-988X
|w (DLC) 90656060
|w (OCoLC)20306182
|
| 780 |
0 |
0 |
|t Pointer (Washington, D.C. : Online)
|x 2377-7699
|w (DLC) 2015201797
|w (OCoLC)562976004
|
| 850 |
|
|
|a DLC
|
| 856 |
4 |
0 |
|z Full text available from Research Library: 01/01/1997 to 07/31/2010
|u https://search.proquest.com/publication/16028
|